Swimming to Catalina (Record no. 8067)

MARC details
000 -LEADER
fixed length control field 00351nam a22001337a 4500
008 - FIXED-LENGTH DATA ELEMENTS--GENERAL INFORMATION
fixed length control field 190705b ||||| |||| 00| 0 eng d
020 ## - INTERNATIONAL STANDARD BOOK NUMBER
International Standard Book Number 099455006996
082 ## - DEWEY DECIMAL CLASSIFICATION NUMBER
Classification number FIC 813.54 WOO
100 ## - MAIN ENTRY--PERSONAL NAME
Personal name Woods, Stuart.
245 ## - TITLE STATEMENT
Title Swimming to Catalina
260 ## - PUBLICATION, DISTRIBUTION, ETC.
Place of publication, distribution, etc. New York, NY :
Name of publisher, distributor, etc. HarperCollinsPublishers,
Date of publication, distribution, etc. 1998.
300 ## - PHYSICAL DESCRIPTION
Extent 401 p.
Dimensions 17 cm.
942 ## - Added entry Elements (Koha)
Source of classification or shelving scheme Dewey Decimal Classification
Holdings
Withdrawn status Lost status Source of classification or shelving scheme Damaged status Not for loan Collection code Home library Current library Shelving location Date acquired Serial Enumeration / chronology Total Checkouts Full call number Barcode Date last seen Date last checked out Price effective from Koha item type
    Dewey Decimal Classification     Fiction RTC Library RTC Library Fiction 05/07/2019 13982 1 FIC 813.54 WOO 30007467 27/10/2023 13/10/2023 05/07/2019 Fiction
Royal Thimphu College || All Right Reserved